Introduction to Fourier optics

Uloženo v:
Podrobná bibliografie
Hlavní autor: Goodman, Joseph W (Autor)
Médium: Kniha
Jazyk:angličtina
Vydáno: Greenwood Village Roberts and Company 2005
Vydání:3a. ed
Témata:
Tagy: Přidat tag
Žádné tagy, Buďte první, kdo vytvoří štítek k tomuto záznamu!

MARC

LEADER 00000nam a2200000 a 4500
001 UCG2197
003 CL-VaPUC
008 100624e20050000US |||||||||||||||||eng|d
020 |a 0974707724 
082 0 4 |a 621.36  |b GOO  |2 21 
100 |a Goodman, Joseph W  |e author  |9 599848 
245 1 0 |a Introduction to Fourier optics 
250 |a 3a. ed 
300 |a 491 p 
942 |c BK 
945 |d 20100624 00:00:00  |a dcastane 
260 |a Greenwood Village  |b Roberts and Company  |c 2005 
650 0 |a Optica   |9 263171 
650 7 |a DEFRACCION  |2 CL-VaPUC  |9 550571 
650 7 |a HOLOGRAFIA  |2 CL-VaPUC  |9 406998 
650 0 |a Optica geométrica  |9 355299 
650 0 |a Física matemática   |9 260981 
650 7 |a TRANSFORMADAS DE FOURIER  |2 CL-VaPUC  |9 433309 
583 |a last modification  |c 20130401 10:19:48  |k Rodrigo Vera 
999 |c 341426  |d 341424 
952 |0 0  |1 0  |4 0  |6 621_360000000000000_GOO_2005  |7 0  |8 A  |9 436921  |a BIBCUR  |b BIBCUR  |d 2019-11-22  |i 4691814  |l 3  |m 4  |o 621.36 GOO 2005  |p 4691814  |r 2025-04-22  |s 2025-03-11  |w 2019-11-22  |y BK  |k FIS 
952 |0 0  |1 0  |4 0  |6 621_360000000000000_GOO_2005  |7 0  |8 A  |9 436922  |a BIBCUR  |b BIBCUR  |d 2019-11-22  |i 4695100  |o 621.36 GOO 2005  |p 4695100  |r 2025-04-22  |w 2019-11-22  |y BK  |k FIS 
952 |0 0  |1 0  |4 0  |6 621_360000000000000_GOO_2005  |7 0  |8 A  |9 436923  |a BIBCUR  |b BIBCUR  |d 2019-11-22  |i 4695119  |l 1  |m 1  |o 621.36 GOO 2005  |p 4695119  |r 2025-04-22  |s 2025-03-11  |w 2019-11-22  |y BK  |k FIS 
952 |0 0  |1 0  |2 ddc  |4 0  |6 621_360000000000000_GOO_2005  |7 0  |8 A  |9 436924  |a BIBCUR  |b BIBCUR  |d 2019-11-22  |i 4695127  |l 2  |m 2  |o 621.36 GOO 2005  |p 4695127  |r 2025-04-22  |s 2024-06-12  |w 2019-11-22  |y BK  |k FIS